Logo Biblioteca

Economía / (Registro nro. 548)

Detalles MARC
000 -LEADER
fixed length control field 00709nam a22002177a 4500
003 - CONTROL NUMBER IDENTIFIER
control field OSt
005 - DATE AND TIME OF LATEST TRANSACTION
control field 20250805140222.0
008 - FIXED-LENGTH DATA ELEMENTS--GENERAL INFORMATION
fixed length control field 250805s2006 sp ||||| |||| 00| 0 spa d
020 ## - INTERNATIONAL STANDARD BOOK NUMBER
International Standard Book Number 0072872055
020 ## - INTERNATIONAL STANDARD BOOK NUMBER
International Standard Book Number 9789701053812
040 ## - CATALOGING SOURCE
Transcribing agency besoc
100 10 - MAIN ENTRY--PERSONAL NAME
Personal name Samuelson, Paul A.,
Dates associated with a name 1915-2009
245 10 - TITLE STATEMENT
Title Economía /
Statement of responsibility, etc. Paul A. Samuelson, William D. Nordhaus ; traducción María Guadalupe Cevallos Almada[et al.] ; revisión técnica Víctor G. Carreón Rodríguez.
250 ## - EDITION STATEMENT
Edition statement 18a ed.
260 ## - PUBLICATION, DISTRIBUTION, ETC.
Place of publication, distribution, etc. Madrid :
Name of publisher, distributor, etc. McGraw-Hill,
Date of publication, distribution, etc. 2006.
300 ## - PHYSICAL DESCRIPTION
Extent XXX, 753 p. ;
Dimensions 28 cm
650 04 - SUBJECT ADDED ENTRY--TOPICAL TERM
Topical term or geographic name entry element Economía
700 1# - ADDED ENTRY--PERSONAL NAME
Personal name Nordhaus, William, D.,
Dates associated with a name 1941-
700 1# - ADDED ENTRY--PERSONAL NAME
Personal name Carreón Rodríguez, Víctor, G.
942 ## - ADDED ENTRY ELEMENTS (KOHA)
Source of classification or shelving scheme Universal Decimal Classification
Koha item type Obra General
Suppress in OPAC No
Existencias
Withdrawn status Lost status Source of classification or shelving scheme Damaged status Not for loan Home library Current library Date acquired Source of acquisition Total checkouts Full call number Barcode Date last seen Price effective from Koha item type
    Universal Decimal Classification     Biblioteca Escuela de Ciencias Sociales Biblioteca Escuela de Ciencias Sociales 05/08/2025 Donación   330 SA 193 000260 05/08/2025 05/08/2025 Obra General
Biblioteca de la Escuela Preuniversitaria en Ciencias Sociales y Humanísticas.
Riobamba 250 bis.
CP 2000 - Rosario - Santa Fe
E-Mail: biblioteca@esociales.unr.edu.ar